Science for a better world (Record no. 57095)

MARC details
000 -LEADER
fixed length control field 00513nam a2200145 a 4500
008 - FIXED-LENGTH DATA ELEMENTS--GENERAL INFORMATION
fixed length control field 120416s1952 ||||||||||||||||| || u
050 ## - LIBRARY OF CONGRESS CALL NUMBER
Classification number Q 181 Mei
100 ## - MAIN ENTRY--PERSONAL NAME
Personal name Shoemaker, Lois M
245 10 - TITLE STATEMENT
Title Science for a better world
260 ## - PUBLICATION, DISTRIBUTION, ETC.
Place of publication, distribution, etc. New York
Name of publisher, distributor, etc. Charles Scribner's Sons
Date of publication, distribution, etc. 1952
300 ## - PHYSICAL DESCRIPTION
Extent vi, 778p. : ill.
350 ## - PRICE (NR) (BK AM CF MU VM SE) [OBSOLETE]
Price 0.00
700 ## - ADDED ENTRY--PERSONAL NAME
Personal name Meister, Morris
995 ## - RECOMMENDATION 995 [LOCAL, UNIMARC FRANCE]
-- 0.00
-- CBU-MAIN LIBRARY (Kitwe)
-- 1
-- 18.99
-- 1
-- AVAILABLE
-- Annex Low-Usage Collection
Holdings
Withdrawn status Lost status Source of classification or shelving scheme Damaged status Not for loan Home library Current library Shelving location Date acquired Total Checkouts Full call number Barcode Date last seen Price effective from Koha item type
          CBU-MAIN LIBRARY, KITWE. CBU-MAIN LIBRARY, KITWE.   11/30/2022   Q 181 Mei 021528 11/30/2022 11/30/2022 MONOGRAPH